LEADER 03564nam 22007812 450 001 9910790072303321 005 20151005020621.0 010 $a1-107-21557-9 010 $a1-139-06278-6 010 $a1-283-11297-3 010 $a9786613112972 010 $a1-139-07495-4 010 $a1-139-06918-7 010 $a1-139-07721-X 010 $a1-139-07948-4 010 $a0-511-97366-7 010 $a1-139-08176-4 035 $a(CKB)2670000000088857 035 $a(EBL)691833 035 $a(OCoLC)727649206 035 $a(SSID)ssj0000520673 035 $a(PQKBManifestationID)11336093 035 $a(PQKBTitleCode)TC0000520673 035 $a(PQKBWorkID)10514946 035 $a(PQKB)11693420 035 $a(UkCbUP)CR9780511973666 035 $a(MiAaPQ)EBC691833 035 $a(Au-PeEL)EBL691833 035 $a(CaPaEBR)ebr10470797 035 $a(CaONFJC)MIL311297 035 $a(PPN)261363824 035 $a(EXLCZ)992670000000088857 100 $a20101011d2011|||| uy| 0 101 0 $aeng 135 $aur||||||||||| 181 $ctxt$2rdacontent 182 $cc$2rdamedia 183 $acr$2rdacarrier 200 10$aAdaptation and well-being $esocial allostasis /$fJay Schulkin$b[electronic resource] 210 1$aCambridge :$cCambridge University Press,$d2011. 215 $a1 online resource (viii, 204 pages) $cdigital, PDF file(s) 300 $aTitle from publisher's bibliographic system (viewed on 05 Oct 2015). 311 $a0-521-50992-0 320 $aIncludes bibliographical references and index. 327 $gMachine generated contents note:$g1.$tEvolutionary Perspectives and Hominoid Expression --$g2.$tCognitive Competence and Cortical Evolution --$g3.$tA Window into the Brain --$g4.$tChemical Messengers and the Physiology of Change and Adaptation --$g5.$tSocial Neuroendocrinology --$g6.$tCephalic Adaptation: Incentives and Devolution --$g7.$tNeocortex, Amygdala, Prosocial Behaviors. 330 $aRecently, an interest in our understanding of well-being within the context of competition and cooperation has re-emerged within the biological and neural sciences. Given that we are social animals, our well-being is tightly linked to interactions with others. Pro-social behavior establishes and sustains human contact, contributing to well-being. Adaptation and Well-Being is about the evolution and biological importance of social contact. Social sensibility is an essential feature of our central nervous systems, and what have evolved are elaborate behavioral ways in which to sustain and maintain the physiological and endocrine systems that underlie behavioral adaptations. Writing for his fellow academics, and with chapters on evolutionary aspects, chemical messengers and social neuroendocrinology among others, Jay Schulkin explores this fascinating field of behavioral neuroscience. 517 3 $aAdaptation & Well-Being 606 $aPsychoneuroendocrinology 606 $aSociobiology 606 $aBrain$xEvolution 606 $aAdaptation (Physiology) 606 $aAllostasis 606 $aWell-being 615 0$aPsychoneuroendocrinology. 615 0$aSociobiology. 615 0$aBrain$xEvolution. 615 0$aAdaptation (Physiology) 615 0$aAllostasis. 615 0$aWell-being. 676 $a612/.022 686 $aSCI070000$2bisacsh 700 $aSchulkin$b Jay$0869275 801 0$bUkCbUP 801 1$bUkCbUP 906 $aBOOK 912 $a9910790072303321 996 $aAdaptation and well-being$93715823 997 $aUNINA LEADER 05864oam 2200757 c 450 001 996347749603316 005 20231110222219.0 010 $a3-8394-5230-9 024 7 $a10.14361/9783839452301 035 $a(CKB)4100000011249065 035 $a(DE-B1597)546707 035 $a(DE-B1597)9783839452301 035 $a(OCoLC)1158100374 035 $a(MiAaPQ)EBC6753625 035 $a(Au-PeEL)EBL6753625 035 $a(transcript Verlag)9783839452301 035 $a(MiAaPQ)EBC6956186 035 $a(Au-PeEL)EBL6956186 035 $a(oapen)https://directory.doabooks.org/handle/20.500.12854/32978 035 $a(MiAaPQ)EBC30591598 035 $a(Au-PeEL)EBL30591598 035 $a(EXLCZ)994100000011249065 100 $a20220221d2020 uy 0 101 0 $ager 135 $aur||#|||||||| 181 $ctxt$2rdacontent 182 $cc$2rdamedia 183 $acr$2rdacarrier 200 10$aAchtsamkeit als kulturelle Praxis$eZu den Selbst-Welt-Modellen eines popula?ren Pha?nomens$fJacob Schmidt 205 $a1st ed. 210 $aBielefeld$ctranscript Verlag$d2020 215 $a1 online resource (400 p.) 225 0 $aAchtsamkeit - Bildung - Medien$v2 311 $a3-8376-5230-0 327 $aFrontmatter 1 Inhalt 5 Vorwort 9 1 Einleitung: Achtsamkeit als Selbst-Welt-Modell gelingenden Lebens 11 2 Forschungsstand 25 3 Sozialtheoretische Verortung: Kulturelle Selbst-Welt-Modelle 33 4 Methodische Anmerkungen 67 5 Einfu?hrung: Geschichte und Systematisierung 75 6 Achtsamkeit I: Das sezierend-distanzierte Selbst-Welt-Modell 89 7 Achtsamkeit II: Das interessiert-sorgende Selbst-Welt-Modell 103 8 Achtsamkeit III: Das verfu?gend-funktionalistische Selbst-Welt-Modell 123 9 Zwischenfazit: Drei Modelle, zwei Fortfu?hrungen 139 10 Einfu?hrung: Achtsamkeit im Kontext der Moderne 149 11 Achtsamkeit als radikalisierte Form des buddhistischen Modernismus 159 12 »like a research scientist«: Wissenschaftliche Achtsamkeit? 185 13 Die Aktualisierung des Romantischen 207 14 Zwischenfazit: Hybride Achtsamkeiten, oder: Popularita?t durch Mehrdeutigkeit 249 15 Einfu?hrung: Obsession mit der Gegenwart 257 16 Soziale Beschleunigung und die Transformation des ?Hier und Jetzt? 267 17 Die Ambivalenz spa?tmoderner Gegenwartserfahrung 293 18 Aktualisierungen spa?tmoderner Zeitlichkeit 315 19 Zwischenfazit: Achtsame Beschleunigung oder subversive Achtsamkeit? 337 20 Fazit: Eine Alternative zur Alternativlosigkeit? 343 Literaturverzeichnis 355 330 $a»Achtsamkeit« hat in den letzten 50 Jahren eine erstaunliche Popularita?t erlangt - getragen von blu?henden Verheißungen und begleitet von pauschaler Kritik. Jacob Schmidts Analyse verschiedener Ansa?tze - etwa der von Jon Kabat-Zinn entwickelten Mindfulness-Based Stress Reduction (MBSR) - zeigt jedoch, dass Achtsamkeitspraktiken ganz unterschiedliche Selbst- und Weltverha?ltnisse modellieren. Diese gehen nicht nur auf buddhistische Meditationspraktiken zuru?ck, sondern lassen sich als komplexe Verflechtungen mit der Kultur der Moderne und der Beschleunigungsgesellschaft rekonstruieren. Hiermit liegt eine erste umfassende und systematische soziologische Studie zum popula?ren Pha?nomen der Achtsamkeit vor. 330 1 $a»Dem Autor ist eine umfassende Studie gelungen, die den Achtsamkeitsbegriff nicht nur auf buddhistische Meditationspraktiken reduziert. Vielmehr rekonstruiert er umfassend verschiedene Ansa?tze der Achtsamkeit und deren Selbst-Welt-Modelle, um diese anschließend kultur- und gesellschaftskritisch zu verflechten und zu analysieren.« Helen Schneider, www.socialnet.de, 01.10.2020 Besprochen in: www.helmut-a-mueller.de, 21.07.2020, Helmut A. Mu?ller 410 0$aAchtsamkeit - Bildung - Medien 606 $aAchtsamkeit; Moderne; Beschleunigungsgesellschaft; Jon Kabat-Zinn; MBSR; Praxistheorie; Selbstverha?ltnis; Weltverha?ltnis; Buddhismus; Meditation; Romantik; Zeitlichkeit; Kultur; Kultursoziologie; Soziologische Theorie; Sozialphilosophie; Kulturwissenschaft; Soziologie; Attention; Modernity; Accelerator Company; Jon Kabat-zinn; Mbsr; Practice Theory; Self-relationship; World Relationship; Buddhism; Romanticism; Temporality; Culture; Sociology of Culture; Sociological Theory; Social Philosophy; Cultural Studies; Sociology; 610 $aAccelerator Company. 610 $aBuddhism. 610 $aCultural Studies. 610 $aCulture. 610 $aJon Kabat-zinn. 610 $aMbsr. 610 $aMeditation. 610 $aModernity. 610 $aPractice Theory. 610 $aRomanticism. 610 $aSelf-relationship. 610 $aSocial Philosophy. 610 $aSociological Theory. 610 $aSociology of Culture. 610 $aSociology. 610 $aTemporality. 610 $aWorld Relationship. 615 4$aAchtsamkeit; Moderne; Beschleunigungsgesellschaft; Jon Kabat-Zinn; MBSR; Praxistheorie; Selbstverha?ltnis; Weltverha?ltnis; Buddhismus; Meditation; Romantik; Zeitlichkeit; Kultur; Kultursoziologie; Soziologische Theorie; Sozialphilosophie; Kulturwissenschaft; Soziologie; Attention; Modernity; Accelerator Company; Jon Kabat-zinn; Mbsr; Practice Theory; Self-relationship; World Relationship; Buddhism; Romanticism; Temporality; Culture; Sociology of Culture; Sociological Theory; Social Philosophy; Cultural Studies; Sociology; 686 $aMR 6800$2rvk 700 $aSchmidt$b Jacob$pFriedrich-Schiller-Universita?t Jena, Deutschland$4aut$0855394 712 02$aDeutsche Forschungsgemeinschaft (DFG)$4fnd$4http://id.loc.gov/vocabulary/relators/fnd 801 0$bDE-B1597 801 1$bDE-B1597 906 $aBOOK 912 $a996347749603316 996 $aAchtsamkeit als kulturelle Praxis$91909652 997 $aUNISA